|
|
|
|
| LEADER |
00000nam2a2200000 4500 |
| 001 |
185850 |
| 005 |
20231101223938.0 |
| 035 |
|
|
|a (RuTPU)RU\TPU\book\201666
|
| 035 |
|
|
|a RU\TPU\book\25274
|
| 090 |
|
|
|a 185850
|
| 100 |
|
|
|a 20101018d2010 m y0rusy50 ca
|
| 101 |
0 |
|
|a rus
|
| 102 |
|
|
|a RU
|
| 105 |
|
|
|a y j 001zy
|
| 200 |
0 |
|
|a Ч. 1: Физические явления в электрических аппаратах
|
| 210 |
|
|
|d 2010
|
| 215 |
|
|
|a 145 с.
|
| 320 |
|
|
|a Библиогр.: с. 144.
|
| 330 |
|
|
|a Первая часть пособия посвящена основам теории электрических аппаратов, в которой рассматриваются физические явления при коммутации и дугогашении, процессы нагрева аппаратов в различных режимах работы, электродинамические и тяговые усилия, динамика электромагнитов, а также методы расчета магнитных цепей электрических аппаратов. Пособие дополнено вопросами для самоконтроля и примерами расчета в каждом разделе, что дает возможность закрепить теоретический материал практическими задачами. Предназначено для студентов, обучающихся по направлениям 140600 «Электротехника, электромеханика и элекфотехнологии» и 140200 «Электроэнергетика» очной и заочной форм обучения.
|
| 451 |
|
1 |
|0 (RuTPU)RU\TPU\book\25274
|t Ч. 1 : Физические явления в электрических аппаратах
|d 2000
|p 97 с.
|
| 452 |
|
1 |
|0 (RuTPU)RU\TPU\book\219971
|t Ч. 1: Физические явления в электрических аппаратах
|d 2010
|
| 461 |
|
1 |
|0 (RuTPU)RU\TPU\book\201815
|t Электрические и электронные аппараты
|o учебное пособие
|f Р. Я. Кляйн
|g Национальный исследовательский Томский политехнический университет (ТПУ)
|v Ч. 1: Физические явления в электрических аппаратах
|d 2009-2011
|
| 606 |
1 |
|
|a Электрические аппараты и приборы
|2 stltpush
|3 (RuTPU)RU\TPU\subj\26902
|9 50734
|
| 610 |
1 |
|
|a классификация
|
| 610 |
1 |
|
|a функции
|
| 610 |
1 |
|
|a электрические контакты
|
| 610 |
1 |
|
|a электрическая дуга
|
| 610 |
1 |
|
|a дугогашение
|
| 610 |
1 |
|
|a нагрев
|
| 610 |
1 |
|
|a охлаждение
|
| 610 |
1 |
|
|a магнитные цепи
|
| 610 |
1 |
|
|a электромагниты
|
| 610 |
1 |
|
|a тяговые силы
|
| 610 |
1 |
|
|a расчет
|
| 610 |
1 |
|
|a катушки
|
| 610 |
1 |
|
|a динамика
|
| 610 |
1 |
|
|a учебные пособия
|
| 610 |
1 |
|
|a труды учёных ТПУ
|
| 675 |
|
|
|a 621.31(075.8)
|v 3
|
| 801 |
|
0 |
|a RU
|b 63413507
|c 20011209
|g PSBO
|
| 801 |
|
2 |
|a RU
|b 63413507
|c 20201008
|g PSBO
|
| 900 |
|
|
|a Электрические и электронные аппараты
|
| 942 |
|
|
|c BK
|